Teatro

Zapisane w:
Opis bibliograficzny
1. autor: Ionesco, Eugène (Autor)
Format: Książka
Język:hiszpański
Wydane: Buenos Aires Losada 1964
Wydanie:2a. ed
Seria:Gran Teatro del Mundo
Hasła przedmiotowe:
Etykiety: Dodaj etykietę
Nie ma etykietki, Dołącz pierwszą etykiete!

MARC

LEADER 00000nam a2200000 a 4500
001 UCW8094
003 CL-VaPUC
008 880509e19640000AG |||||||||||||||||spa|d
082 0 4 |a 842  |b ION  |2 21 
100 |a Ionesco, Eugène  |e author  |9 318943 
245 1 0 |a Teatro 
250 |a 2a. ed 
300 |a 2 v 
942 |c BK 
945 |d 19880509 00:00:00 
260 |a Buenos Aires  |b Losada  |c 1964 
500 |a v.1: La cantante calca, La leccion, Jacobo o la sumision, Las sillas, Victimas del deber, Amadeo o como salir del paso 
650 0 |a Teatro francés  |9 265089 
650 0 |a Drama francés  |9 313202 
583 |a last modification  |c 19880509 00:00:00  |k Rodrigo Vera 
490 0 |a Gran Teatro del Mundo 
999 |c 220573  |d 220571 
952 |0 0  |1 0  |4 0  |6 842_000000000000000_ION_1964  |7 0  |8 A  |9 213000  |a BIBEDU  |b BIBEDU  |d 2019-11-15  |h v.1  |i 2813041  |o 842 ION 1964  |p 2813041  |r 2019-11-15  |w 2019-11-15  |y BK  |k LIT 
952 |0 0  |1 0  |4 0  |6 842_000000000000000_ION_1964  |7 0  |8 A  |9 213001  |a BIBARQ  |b BIBARQ  |d 2019-11-15  |i 2656825  |o 842 ION 1964  |p 2656825  |r 2025-01-20  |w 2019-11-15  |y BK  |k ARQ